| 000 | 01814nam0a2200361 4500 | ||
|---|---|---|---|
| 001 | RU\NLR\BIBL_A\022469730 | ||
| 005 | 20260406203800.0 | ||
| 010 |
_a978-5-94627-255-1 _930 |
||
| 035 | _a(NLR Aleph) 022469730 | ||
| 090 |
_a13368895 _c13368895 |
||
| 100 | _a20250225d2024 |||y0rusy50 ca | ||
| 101 | 0 | _arus | |
| 102 | _aRU | ||
| 105 | _aa|||z|||010yy | ||
| 181 | 0 |
_ab3 _bxb2e |
|
| 181 | 0 |
_ai1 _baxxe |
|
| 182 | 0 | _an | |
| 200 | 1 |
_a150 лет Ряжско-Вяземской железной дороге. Альбом общих видов _fсоставитель: А. В. Максимов |
|
| 203 |
_aИзображение _aТекст _bвизуальные _cнепосредственные |
||
| 210 |
_aКалуга _cМанускрипт _d2024 |
||
| 215 |
_a31 с. _cил., цв. ил. _d30 |
||
| 300 | _aЗагл. обл.: Альбом видов Ряжско-Вяземской железной дороги | ||
| 512 | 1 | _aАльбом видов Ряжско-Вяземской железной дороги | |
| 532 | 1 | 0 | _aСто пятьдесят лет Ряжско-Вяземской железной дороге. Альбом общих видов |
| 601 | 0 | 2 |
_aРяжско-Вяземская железная дорога _jФотоальбомы _92377076 _3RU\NLR\AUTH\6601639736 |
| 686 | 1 | _aО20(2)я61 | |
| 702 | 1 |
_4220 _8rus _7ca _aМаксимов _bА. В. _cканд. техн. наук, краевед _f1949- _gАлександр Викторович _3RU\NLR\AUTH\7732216 _915225 |
|
| 711 | 0 | 2 |
_aРяжско-Вяземская железная дорога _3RU\NLR\AUTH\889964068 _9424357 |
| 942 | _cBOOK | ||
| 980 | _aNB | ||